000 00209 a2200097 4500
001 5868
100 _aSaxelby, FM
245 _aCourse in Practical mathematic
260 _a
_bLongmans
_c
090 _c4792
_d4792
942 _aNUST-CAE
_cM
_c31147
999 _c240941
_d240941